Missing Word: Norway by the Letter Quiz Stats

 Plays Quiz Updated Sep 26, 2019

Score 0/6 Timer 03:00
0 Plays Today
Fact Answer % Correct
Becoming the capital in 1300, ____ is a cultural, historical and political center of Norway.Oslo
97.9%
For collaborating with the ____ party in Germany, Norwegian Vidkun Quisling's name has become synomynous with the word 'traitor'.Nazi
93.1%
Home to many wild animals, Norway's northern regions are home to both moose and ________.Reindeer
85.6%
Located in the ______ _____, the Svalbard archipelago is home to Longyearbyen and the Svalbard Global Seed Vault.Arctic Ocean
59%
According to the _____ ____, Norway has the fourth highest per capita income.World Bank
38.1%
As an epicenter for pop music, people such as a-Ha, Röyksopp and _____, famous for their song 'What does the Fox Say?'Ylvis
27%

Today's Daily Dose

You're not logged in!

Compare scores with friends on all Sporcle quizzes.
OR
Log In

Sporcle TV

Today on Sporcle TV


Watch our educational content, quiz creation guides, and fun videos on Sporcle TV.

Show Comments

Extras

Top Quizzes Today


Score Distribution

Your Account Isn't Verified!

In order to create a playlist on Sporcle, you need to verify the email address you used during registration. Go to your Sporcle Settings to finish the process.

Report this User

Report this user for behavior that violates our Community Guidelines.

Details: